| 000 | 00802nam a2200253 4500 | ||
|---|---|---|---|
| 003 | OSt | ||
| 005 | 20260601193852.0 | ||
| 008 | 260420b1965 sp |||| |||| 00| 0 spa d | ||
| 040 |
_aICI _bspa _cICI |
||
| 050 |
_aHC51 _b P535 |
||
| 100 | 1 | _aPietsch, Max | |
| 245 | 1 |
_aLa Revolución Industrial ** _cMax Pietsch ; traducción de Alejandro Ros |
|
| 264 |
_bHerder, _c1965 _aBarcelona |
||
| 300 | _a147 páginas | ||
| 336 |
_atexto _2rdacontent |
||
| 337 |
_asin medio _2rdamedia |
||
| 338 |
_avolumen _2rdacarrier |
||
| 490 |
_aPequeña biblioteca Herder _v54- |
||
| 505 | _tContenido; v. 1. De la maquina de vapor a la racionalización | ||
| 650 |
_aIndustrialización _vEstudio de casos |
||
| 650 |
_aHistoria económica _y1750-1918 |
||
| 700 |
_aRos, Alejandro, _etraductor |
||
| 942 |
_2ddc _cB |
||
| 999 |
_c21885 _d21885 |
||